| 000 | 00768cam a2200229 a 4500 | ||
|---|---|---|---|
| 001 | BD-DhSAU 3275 | ||
| 003 | BD-DhSAU | ||
| 005 | 20150204150700.0 | ||
| 008 | 030901s2003 enka b 001 0 eng d | ||
| 020 | _a1898486506 | ||
| 040 | _aBD-DhSAU | ||
| 082 |
_a572.8633 _222 _bGEN |
||
| 245 | 0 | 0 |
_aGenome mapping and sequencing / _cedited by Ian Dunham. |
| 260 |
_aWymondham : _bHorizon Scientific ; _cc2003. |
||
| 300 |
_aviii, 470 p. : _bill. ; _c24 cm. |
||
| 504 | _aIncludes bibliographical references and index. | ||
| 590 | _aIMRAN | ||
| 650 | 0 |
_aGene mapping _vLaboratory manuals. |
|
| 650 | 0 |
_aNucleotide sequence _vLaboratory manuals. |
|
| 700 | 1 | _aDunham, Ian. | |
| 856 | 4 | 2 | _uhttp://www.loc.gov/catdir/enhancements/fy0916/2004353315-d.html |
| 942 |
_2ddc _cBOOK |
||
| 999 |
_c3275 _d3275 |
||